LIBRARY & INFORMATION CENTRE, KCAET, TAVANUR

ONLINE PUBLIC ACCESS CATALOGUE (OPAC)

Hydrology and Hydraulic Systems (Record no. 11341)

MARC details
000 -LEADER
fixed length control field 00521cam a2200193ua 4500
003 - CONTROL NUMBER IDENTIFIER
control field OSt
008 - FIXED-LENGTH DATA ELEMENTS--GENERAL INFORMATION
fixed length control field 241226b |||||||| |||| 00| 0 eng d
020 ## - INTERNATIONAL STANDARD BOOK NUMBER
ISBN 9781577664550
082 ## - DEWEY DECIMAL CLASSIFICATION NUMBER
Classification number 551.493 255 02
Item number GUP/HY
100 ## - MAIN ENTRY--AUTHOR NAME
Personal name Gupta, Ram S .
245 ## - TITLE STATEMENT
Title Hydrology and Hydraulic Systems
250 ## - EDITION STATEMENT
Edition statement 1 / 3rd
260 ## - PUBLICATION, DISTRIBUTION, ETC. (IMPRINT)
Place of publication Long Grove, Illinois
Name of publisher Waveland Press, INC.
Year of publication 2014
300 ## - PHYSICAL DESCRIPTION
Number of Pages 740 / 896
650 ## - SUBJECT ADDED ENTRY--TOPICAL TERM
Topical Term Hydrology
650 ## - SUBJECT ADDED ENTRY--TOPICAL TERM
Topical Term Water resources development
650 ## - SUBJECT ADDED ENTRY--TOPICAL TERM
Topical Term Hydraulics
942 ## - ADDED ENTRY ELEMENTS (KOHA)
Koha item type Books
Holdings
Withdrawn status Lost status Damaged status Home library Current library Date acquired Full call number Accession Number Koha item type Collection code Shelving location Source of acquisition Cost, normal purchase price
      KAUAET KAUAET 07/04/2012 551.493 255 02 17664          
      KAUAET KAUAET 26/07/2016 551.493 255 02 GUP/HY 24593 Books   General Stacks Ganesh Book Centre Trivandrum. 7540.72
free website counter